000 00252nam a2200109Ia 4500
008 190216s9999||||xx |||||||||||||| ||und||
100 _aOmprakash Nirmal
245 0 _aHindi-Khaye Huye Lok
260 _bMiluth Prakashan
650 _aHindi
942 _cBK
999 _c15271
_d15271